Standard directory of advertising agencies.

Bibliographic Details
New Title:Advertising red books. Agencies
Previous Title:Agency list of the Standard advertising register
McKittrick agency list
Format: Serial
Language:English
Published: Skokie, Ill. : National Register Pub. Co., 1964-
Subjects:
Online Availability: Check for online availability

MARC

Tag First Indicator Second Indicator Subfields
LEADER 00000cas a2200000 a 4500
001 in00000738713
005 20190226104741.0
008 751012d19642002njufr1 r 0 a0eng d
010 |a sn 82005973  
019 |a 6980708  |a 12566123 
022 0 |a 0085-6614 
035 |a (OCoLC)05656494 
035 |9 ADG6062AM 
040 |a IBI  |c IBI  |d FUG  |d NSD  |d OCL  |d DLC  |d OCL  |d NST  |d IUL  |d NYG  |d NST  |d NSD  |d NST  |d IUL  |d NYG  |d DLC  |d NSD  |d MYG  |d GUA  |d WAU  |d UtOrBLW 
042 |a nsdp  |a msc 
049 |a TXAM 
050 4 |a HF5805  |b .S785 
082 1 0 |a 659  |2 11 
090 |a HF5805  |b .S72 
210 0 |a Stand. dir. advert. agencies 
222 0 |a Standard directory of advertising agencies 
245 0 0 |a Standard directory of advertising agencies. 
264 1 |a Skokie, Ill. :  |b National Register Pub. Co.,  |c 1964- 
264 4 |c ©2002 
300 |a 39 volumes ;  |c 28 cm. 
310 |a Semiannual,  |b 1993-2002 
321 |a Annual,  |b 1964- 
321 |a 3 times a year,  |b <1979-> 
336 |a text  |b txt  |2 rdacontent 
337 |a unmediated  |b n  |2 rdamedia 
338 |a volume  |b nc  |2 rdacarrier 
362 0 |a 1964-July 2002. 
500 |a Published: New Providence, NJ : National Register Publishing, Oct. 1992-2001; New Providence, NJ : LexisNexis, 2002. 
580 |a Formed by the union of: Agency list of the Standard advertising register, and: McKittrick agency list. 
580 |a Includes loose-leaf monthly supplement: Agency news, <Aug. 1990-Nov. 1992>; supplemented twice yearly by: Standard directory of advertisers, Standard directory of advertising agencies supplement, <Apr. 1993>-Oct. 2002. 
650 0 |a Advertising  |z United States  |v Directories. 
770 0 |t Standard directory of advertisers, Standard directory of advertising agencies supplement  |w (DLC)sn 93031121  |w (OCoLC)28247181 
780 1 4 |t Agency list of the Standard advertising register  |w (DLC)sn 88021098  |w (OCoLC)8094959 
780 1 4 |t McKittrick agency list  |w (DLC)sn 88021339  |w (OCoLC)17484557 
785 0 0 |t Advertising red books. Agencies  |w (DLC) 2003252157  |w (OCoLC)51276955 
850 |a AAP  |a AzU  |a CaMWU  |a CoU  |a CtU  |a GEU  |a IaCfT  |a InU  |a MiDW  |a MnU  |a N  |a NBC  |a NBuC  |a NcRS  |a NjR  |a NvU  |a P  |a WyU 
891 2 0 |9 853  |8 1  |a no.  |i (year)  |j (month)  |w f  |x 01 
891 4 1 |9 863  |8 1.1  |a <244>  |i <2001>  |j <01> 
994 |a E0  |b TXA 
949 |a updated  |b h  |c 2003/1/20  |e coplinge  |f 12:06:46 pm 
999 |a MARS 
999 f f |s f634e813-194f-3579-a3cb-cd09607217b2  |i 5e99582f-2336-3adb-9d61-ea81b7a4c8d3  |t 0 
952 f f |p ric  |a Texas A&M University  |b Rellis Campus  |c Joint Library Facility  |d Remote Storage  |t 0  |e HF5805 .S72  |h Library of Congress classification  |i unmediated -- volume  |k no.213  |l 1988  |m A14811246250 
952 f f |p ric  |a Texas A&M University  |b Rellis Campus  |c Joint Library Facility  |d Remote Storage  |t 0  |e HF5805 .S72  |h Library of Congress classification  |i unmediated -- volume  |k no.237  |l 1997  |m A14821342286 
952 f f |p ric  |a Texas A&M University  |b Rellis Campus  |c Joint Library Facility  |d Remote Storage  |t 0  |e HF5805 .S72  |h Library of Congress classification  |i unmediated -- volume  |k no.230  |l 1994  |m A14817951099 
952 f f |p ric  |a Texas A&M University  |b Rellis Campus  |c Joint Library Facility  |d Remote Storage  |t 0  |e HF5805 .S72  |h Library of Congress classification  |i unmediated -- volume  |k no.208  |l 1986  |m A14809399592 
952 f f |p ric  |a Texas A&M University  |b Rellis Campus  |c Joint Library Facility  |d Remote Storage  |t 0  |e HF5805 .S72  |h Library of Congress classification  |i unmediated -- volume  |k no.238  |l 1998  |m A14822054690 
952 f f |p normal  |a Texas A&M University  |b Rellis Campus  |c Joint Library Facility  |d Remote Storage  |t 0  |e HF5805 .S72  |h Library of Congress classification  |i unmediated -- volume  |k no.199:Suppl.  |l 1983  |m A14807215996 
952 f f |p ric  |a Texas A&M University  |b Rellis Campus  |c Joint Library Facility  |d Remote Storage  |t 0  |e HF5805 .S72  |h Library of Congress classification  |i unmediated -- volume  |k no.228  |l 1993  |m A14816563592 
952 f f |p ric  |a Texas A&M University  |b Rellis Campus  |c Joint Library Facility  |d Remote Storage  |t 0  |e HF5805 .S72  |h Library of Congress classification  |i unmediated -- volume  |k no.233  |l 1995  |m A14819096471 
952 f f |p ric  |a Texas A&M University  |b Rellis Campus  |c Joint Library Facility  |d Remote Storage  |t 0  |e HF5805 .S72  |h Library of Congress classification  |i unmediated -- volume  |k no.223  |l 1991  |m A14814716979 
952 f f |p ric  |a Texas A&M University  |b Rellis Campus  |c Joint Library Facility  |d Remote Storage  |t 0  |e HF5805 .S72  |h Library of Congress classification  |i unmediated -- volume  |k no.246  |l 2002  |m A14828604998 
952 f f |p ric  |a Texas A&M University  |b Rellis Campus  |c Joint Library Facility  |d Remote Storage  |t 0  |e HF5805 .S72  |h Library of Congress classification  |i unmediated -- volume  |k no.206  |l 1985/1986  |m A14808425853 
952 f f |p ric  |a Texas A&M University  |b Rellis Campus  |c Joint Library Facility  |d Remote Storage  |t 0  |e HF5805 .S72  |h Library of Congress classification  |i unmediated -- volume  |k no.235  |l 1996  |m A14820191933 
952 f f |p ric  |a Texas A&M University  |b Rellis Campus  |c Joint Library Facility  |d Remote Storage  |t 0  |e HF5805 .S72  |h Library of Congress classification  |i unmediated -- volume  |k no.207  |l 1986  |m A14809215439 
952 f f |p ric  |a Texas A&M University  |b Rellis Campus  |c Joint Library Facility  |d Remote Storage  |t 0  |e HF5805 .S72  |h Library of Congress classification  |i unmediated -- volume  |k no.232  |l 1995  |m A14818697020 
952 f f |p normal  |a Texas A&M University  |b Rellis Campus  |c Joint Library Facility  |d Remote Storage  |t 0  |e HF5805 .S72  |h Library of Congress classification  |i unmediated -- volume  |k no.212  |l 1987/1988  |m A14810970539 
952 f f |p ric  |a Texas A&M University  |b Rellis Campus  |c Joint Library Facility  |d Remote Storage  |t 0  |e HF5805 .S72  |h Library of Congress classification  |i unmediated -- volume  |k no.243  |l 2000  |m A14826056092 
952 f f |p ric  |a Texas A&M University  |b Rellis Campus  |c Joint Library Facility  |d Remote Storage  |t 0  |e HF5805 .S72  |h Library of Congress classification  |i unmediated -- volume  |k no.229  |l 1993  |m A14816768794 
952 f f |p ric  |a Texas A&M University  |b Rellis Campus  |c Joint Library Facility  |d Remote Storage  |t 0  |e HF5805 .S72  |h Library of Congress classification  |i unmediated -- volume  |k no.199  |l 1983  |m A14807211560 
952 f f |p ric  |a Texas A&M University  |b Rellis Campus  |c Joint Library Facility  |d Remote Storage  |t 0  |e HF5805 .S72  |h Library of Congress classification  |i unmediated -- volume  |k no.240  |l 1999  |m A14823847070 
952 f f |p ric  |a Texas A&M University  |b Rellis Campus  |c Joint Library Facility  |d Remote Storage  |t 0  |e HF5805 .S72  |h Library of Congress classification  |i unmediated -- volume  |k no.216  |l 1989  |m A14811296522 
952 f f |p ric  |a Texas A&M University  |b Rellis Campus  |c Joint Library Facility  |d Remote Storage  |t 0  |e HF5805 .S72  |h Library of Congress classification  |i unmediated -- volume  |k no.209  |l 1986/1987  |m A14809740939 
952 f f |p ric  |a Texas A&M University  |b Rellis Campus  |c Joint Library Facility  |d Remote Storage  |t 0  |e HF5805 .S72  |h Library of Congress classification  |i unmediated -- volume  |k no.204  |l 1985  |m A14808235541 
952 f f |p ric  |a Texas A&M University  |b Rellis Campus  |c Joint Library Facility  |d Remote Storage  |t 0  |e HF5805 .S72  |h Library of Congress classification  |i unmediated -- volume  |k no.214  |l 1988  |m A14811102480 
952 f f |p normal  |a Texas A&M University  |b Rellis Campus  |c Joint Library Facility  |d Remote Storage  |t 0  |e HF5805 .S72  |h Library of Congress classification  |i unmediated -- volume  |k no.201  |l 1984  |m A14807660159 
952 f f |p ric  |a Texas A&M University  |b Rellis Campus  |c Joint Library Facility  |d Remote Storage  |t 0  |e HF5805 .S72  |h Library of Congress classification  |i unmediated -- volume  |k no.222  |l 1991  |m A14813473900 
952 f f |p ric  |a Texas A&M University  |b Rellis Campus  |c Joint Library Facility  |d Remote Storage  |t 0  |e HF5805 .S72  |h Library of Congress classification  |i unmediated -- volume  |k no.195  |l 1982  |m A14811127139 
952 f f |p ric  |a Texas A&M University  |b Rellis Campus  |c Joint Library Facility  |d Remote Storage  |t 0  |e HF5805 .S72  |h Library of Congress classification  |i unmediated -- volume  |k no.247  |l 2002  |m A14828634480 
952 f f |p ric  |a Texas A&M University  |b Rellis Campus  |c Joint Library Facility  |d Remote Storage  |t 0  |e HF5805 .S72  |h Library of Congress classification  |i unmediated -- volume  |k no.210  |l 1987  |m A14809938249 
952 f f |p ric  |a Texas A&M University  |b Rellis Campus  |c Joint Library Facility  |d Remote Storage  |t 0  |e HF5805 .S72  |h Library of Congress classification  |i unmediated -- volume  |k no.239  |l 1998  |m A14823454380 
952 f f |p ric  |a Texas A&M University  |b Rellis Campus  |c Joint Library Facility  |d Remote Storage  |t 0  |e HF5805 .S72  |h Library of Congress classification  |i unmediated -- volume  |k no.234  |l 1996  |m A14819474213 
952 f f |p ric  |a Texas A&M University  |b Rellis Campus  |c Joint Library Facility  |d Remote Storage  |t 0  |e HF5805 .S72  |h Library of Congress classification  |i unmediated -- volume  |k no.245  |l 2001  |m A14827225602 
952 f f |p ric  |a Texas A&M University  |b Rellis Campus  |c Joint Library Facility  |d Remote Storage  |t 0  |e HF5805 .S72  |h Library of Congress classification  |i unmediated -- volume  |k no.202  |l 1984  |m A14808080988 
952 f f |p ric  |a Texas A&M University  |b Rellis Campus  |c Joint Library Facility  |d Remote Storage  |t 0  |e HF5805 .S72  |h Library of Congress classification  |i unmediated -- volume  |k no.196  |l 1982  |m A14807512372 
952 f f |p ric  |a Texas A&M University  |b Rellis Campus  |c Joint Library Facility  |d Remote Storage  |t 0  |e HF5805 .S72  |h Library of Congress classification  |i unmediated -- volume  |k no.242  |l 2000  |m A14825719605 
952 f f |p ric  |a Texas A&M University  |b Rellis Campus  |c Joint Library Facility  |d Remote Storage  |t 0  |e HF5805 .S72  |h Library of Congress classification  |i unmediated -- volume  |k no.205  |l 1985  |m A14808411074 
952 f f |p ric  |a Texas A&M University  |b Rellis Campus  |c Joint Library Facility  |d Remote Storage  |t 0  |e HF5805 .S72  |h Library of Congress classification  |i unmediated -- volume  |k no.198  |l 1983  |m A14807236837 
952 f f |p ric  |a Texas A&M University  |b Rellis Campus  |c Joint Library Facility  |d Remote Storage  |t 0  |e HF5805 .S72  |h Library of Congress classification  |i unmediated -- volume  |k no.224  |l 1991  |m A14815106290 
952 f f |p ric  |a Texas A&M University  |b Rellis Campus  |c Joint Library Facility  |d Remote Storage  |t 0  |e HF5805 .S72  |h Library of Congress classification  |i unmediated -- volume  |k no.227  |l 1992  |m A14816392763 
952 f f |p ric  |a Texas A&M University  |b Rellis Campus  |c Joint Library Facility  |d Remote Storage  |t 0  |e HF5805 .S72  |h Library of Congress classification  |i unmediated -- volume  |k no.211  |l 1987  |m A14810765900 
952 f f |p ric  |a Texas A&M University  |b Rellis Campus  |c Joint Library Facility  |d Remote Storage  |t 0  |e HF5805 .S72  |h Library of Congress classification  |i unmediated -- volume  |k no.200  |l 1983/1984  |m A14807486026 
952 f f |p ric  |a Texas A&M University  |b Rellis Campus  |c Joint Library Facility  |d Remote Storage  |t 0  |e HF5805 .S72  |h Library of Congress classification  |i unmediated -- volume  |k no.215  |l 1988/1989  |m A14811265416 
952 f f |p ric  |a Texas A&M University  |b Rellis Campus  |c Joint Library Facility  |d Remote Storage  |t 0  |e HF5805 .S72  |h Library of Congress classification  |i unmediated -- volume  |k no.231  |l 1994  |m A14818043158 
952 f f |p ric  |a Texas A&M University  |b Rellis Campus  |c Joint Library Facility  |d Remote Storage  |t 0  |e HF5805 .S72  |h Library of Congress classification  |i unmediated -- volume  |k no.203  |l 1984/1985  |m A14808747881 
952 f f |p ric  |a Texas A&M University  |b Rellis Campus  |c Joint Library Facility  |d Remote Storage  |t 0  |e HF5805 .S72  |h Library of Congress classification  |i unmediated -- volume  |k no.236  |l 1997  |m A14817951324 
952 f f |p ric  |a Texas A&M University  |b Rellis Campus  |c Joint Library Facility  |d Remote Storage  |t 0  |e HF5805 .S72  |h Library of Congress classification  |i unmediated -- volume  |k no.244  |l 2001  |m A14827188892 
998 f f |a HF5805 .S72  |s no.227-240,242-247 (1992-1999,2000-2002)  |t 0  |l Remote Storage